Responses for Show #5520 - Friday, September 12, 2008

Contestants

[<< previous game]

Cindy Schilling, a children's librarian from Sanford, Maine

Tom Witek, a high school math teacher from Gurnee, Illinois

Daphne Matalene, a magazine editor from New York, New York (whose 1-day cash winnings total $26,401)

[next game >>]

Jeopardy! Round responses

TUNISIA
THE SECOND FILM IN THE SERIES
KIDDY LIT
"NN"-DATED
CEO COMPENSATION
IT'S A CRIME!
(Alex: No connection between the two.)
    $200 4
Tunis

Tom
    $200 1
The Godfather Part II

Daphne
    $200 3
Huckleberry Finn

Tom
    $200 26
annual

Tom
    $200 14
AT&T

Cindy
    $200 18
trespassing

Cindy
    $400 5
the Ottoman Empire

Cindy
    $400 2
Harry Potter and the Chamber of Secrets

Cindy
    $400 6
The Hardy Boys

Daphne
    $400 27
a bonnet

Daphne
    $400 15
(Daphne: What's Enron?)

GE

DaphneTom
    $400 19
kidnapping

Daphne
    $600 10
the Atlas Mountains

Cindy
    $600 7
Bride of Frankenstein

Cindy
    $600 8
Wendy (Darling)

Cindy
    $600 28
(Cindy: Um...)
(Alex: Say something.)
(Cindy: What is a carnivore?)

a cannibal

Cindy
Triple Stumper
    $600 23
Disney

Daphne
    $600 20
battery

Cindy
    $800 16
(Daphne: What's Spain?)

Italy

DaphneTom
    $800 12
Pirates of the Caribbean: Dead Man's Chest

Daphne
    $800 9
Tigger

Tom
    $800 29
Finnish

Tom
    $800 24
Countrywide

Daphne
    $800 21
arson

Cindy
    $1,400 17
Carthage

Tom
    $1000 13
Predator 2

Triple Stumper
    $1000 11
Jamie Lee Curtis

Cindy
    $1000 30
Mennonite

Triple Stumper
    $1000 25
Bank of America

Triple Stumper
    $1000 22
forgery

Cindy

Scores at the first commercial break (after clue 15):

Daphne Tom Cindy
$1,000 $1,600 $3,800

Scores at the end of the Jeopardy! Round:

Daphne Tom Cindy
$2,400 $4,800 $5,800

Double Jeopardy! Round responses

SCIENCE
BROADWAY MUSICAL SETTINGS
THE 1800s
HISTORICAL NICKNAMES
THE GATHERING OF NATIONS
ABBREVIATED PROVERBS
    $400 2
genes

Tom
    $400 1
(Alex: Yes, along with West Side Story.)
[Laughter]

Russia

Tom
    $400 21
Hans Christian Andersen

Daphne
    $400 9
John Quincy Adams

Daphne
    $400 14
a powwow

Cindy
    $400 26
tell no tales

Tom
    $800 3
salty

Daphne
    $800 4
Boston

Cindy
    $800 22
Mexico

Tom
    $800 10
Benedict XVI

Tom
    $800 15
(Tom: What is a coyote?)

a wolf

DaphneTom
    $800 27
make light work

Cindy
    $1200 6
flagella

Tom
    $1200 5
Jersey Boys

Tom
    $1200 23
exposure

Cindy
    $1200 11
(Alex: You know him better as [*].)

Caligula

Triple Stumper
    $1200 18
kachinas

Cindy
    $1200 28
while the iron is hot

Tom
    $5,000 7
hydrogen, carbon & oxygen

Tom
    $1600 16
Yonkers

Daphne
    $1600 24
the north magnetic pole

Tom
    $1600 12
(Alex: Nickname was [*]--not good.)

"Butcher"

Triple Stumper
    $1600 19
(Tom: Who are the Aleuts?)

the Eskimos

TomCindy
    $1600 29
can't be choosers

Tom
    $2000 8
the strong & the weak

Tom
    $2000 17
the Paris Opera House

Cindy
    $2000 25
Democracy in America

Tom
    $2000 13
(Cindy: Who is Mary Tudor?)
...
(Alex: No one would dare say that to Mary Tudor. [*], wife--one of the wives--of Henry VIII, not Bloody Mary.)

Anne of Cleves

Cindy
Triple Stumper
    $2000 20
an eagle

Daphne
    $3,000 30
windows of the soul

Tom

Scores at the end of the Double Jeopardy! Round:

Daphne Tom Cindy
$8,400 $24,000 $11,800
(lock game)

[wagering suggestions for these scores]

Final Jeopardy! Round responses

ROYALTY
(Alex: [Revealing Tom's response] What is [*]--thinking of Monaco. You are correct, sir.)
...
(Alex: Congratulations. You get to relax for a week because next week, as you know, we have our Back to School reunion here on Jeopardy! We'll see you for that. So long, everybody. Have a good one.)
DaphneWhat is Bourbon?
$8,400
CindyWhat is ?
$4,000
TomWhat is Grimaldi?
$200
Grimaldi

Final scores:

Daphne Tom Cindy
$0 $24,200 $7,800
3rd place: $1,000 New champion: $24,200 2nd place: $2,000

Game dynamics:

Coryat scores:

Daphne Tom Cindy
$8,400 $19,200 $11,800
13 R,
2 W
22 R
(including 3 DDs),
2 W
18 R,
2 W

Combined Coryat: $39,400

[game clues] [game scores] [suggest correction]

Game tape date: 2008-07-15
The J! Archive is created by fans, for fans. Scraping, republication, monetization, and malicious use prohibited; this site may use cookies and collect identifying information. See terms. The Jeopardy! game show and all elements thereof, including but not limited to copyright and trademark thereto, are the property of Jeopardy Productions, Inc. and are protected under law. This website is not affiliated with, sponsored by, or operated by Jeopardy Productions, Inc. Join the discussion at JBoard.tv.